Poems of cloister and jungle : (Record no. 31236)
[ view plain ]
| 000 -LEADER | |
|---|---|
| fixed length control field | 00897cam a22002771 4500 |
| 001 - CONTROL NUMBER | |
| control field | 31236 |
| 003 - CONTROL NUMBER IDENTIFIER | |
| rucl marc code | BD-RjUL |
| 005 - DATE AND TIME OF LATEST TRANSACTION | |
| control field | 20211209051657.0 |
| 008 - FIXED-LENGTH DATA ELEMENTS--GENERAL INFORMATION | |
| fixed length control field | 140413s1941 enk 000 0 eng d |
| 035 ## - SYSTEM CONTROL NUMBER | |
| System control number | (BD-RjUL)31323 |
| System control number | (OCoLC)938248 |
| 040 ## - CATALOGING SOURCE | |
| Original cataloging agency | DLC |
| Transcribing agency | OTU |
| Modifying agency | FTaSU |
| -- | OCoLC |
| -- | DLC |
| -- | BD-RjUL |
| Language of cataloging | eng |
| 041 1# - LANGUAGE CODE | |
| Language code of text/sound track or separate title | engpli |
| 082 00 - DEWEY DECIMAL CLASSIFICATION NUMBER | |
| Classification number | 294.3 |
| Author mark and year | DAP 1941 |
| 100 1# - MAIN ENTRY--PERSONAL NAME | |
| Personal name | Davids, Caroline A. F. Rhys |
| Fuller form of name | (Caroline Augusta Foley Rhys), |
| Dates associated with a name | 1857-1942. |
| 9 (RLIN) | 95044 |
| 245 10 - TITLE STATEMENT | |
| Title | Poems of cloister and jungle : |
| Remainder of title | a Buddhist anthology / |
| Statement of responsibility, etc. | by Mrs. Rhys Davids. |
| 260 ## - PUBLICATION, DISTRIBUTION, ETC. (IMPRINT) | |
| Place of publication, distribution, etc. | London : |
| Name of publisher, distributor, etc. | J. Murray, |
| Date of publication, distribution, etc. | 1941. |
| 300 ## - PHYSICAL DESCRIPTION | |
| Pagination | 128 p. ; |
| Size | 18 cm. |
| 500 ## - GENERAL NOTE | |
| General note | "First edition, 1941." |
| 650 #0 - SUBJECT ADDED ENTRY--TOPICAL TERM | |
| Topical term or geographic name as entry element | Buddhism |
| General subdivision | Sacred books. |
| 9 (RLIN) | 95045 |
| Topical term or geographic name as entry element | Pali poetry |
| General subdivision | Translations into English. |
| 9 (RLIN) | 95046 |
| 942 ## - ADDED ENTRY ELEMENTS (KOHA) | |
| Source of classification or shelving scheme | Dewey Decimal Classification |
| Koha item type | Books |
| Lost status | Source of classification or shelving scheme | Damaged status | Not for loan | Collection code | Permanent Location | Current Location | Shelving location | Date acquired | Source of acquisition | Total Checkouts | Full call number | Date last seen | Copy number | Koha item type |
|---|---|---|---|---|---|---|---|---|---|---|---|---|---|---|
| Dewey Decimal Classification | Not For Loan | Non-fiction | Central Library, University of Rajshahi | Central Library, University of Rajshahi | Reading Room | 18/01/1958 | Spanding Trutst Gift | 294.3 DAP 1941 | 13/04/2014 | C-1 | Books |